Vista normal
Vista MARC
Entrada Corporate Name
Número de registros utilizados en: 3
001 - CONTROL NUMBER
- control field: 53012
003 - CONTROL NUMBER IDENTIFIER
- control field: OSt
005 - DATE AND TIME OF LATEST TRANSACTION
- control field: 20241126095014.0
008 - FIXED-LENGTH DATA ELEMENTS
- fixed length control field: 241126|| aca||aabn | a|a d
040 ## - CATALOGING SOURCE
- Original cataloging agency: OSt
- Transcribing agency: OSt
110 ## - HEADING--CORPORATE NAME
- Corporate name or jurisdiction name as entry element: Instituto Nacional de Pesca y Acuicultura INPA
670 ## - SOURCE DATA FOUND
- Source citation: Work cat.: (OSt)48423: Instituto Nacional de Pesca y Acuicultura INPA, El ordenamiento pesquero y acuícola dentro del ordenamiento territorial y el ambiental :